Die juristische Logik

Guardat en:
Dades bibliogràfiques
Autor principal: Ehrlich, Eugen (Autor)
Format: Llibre
Idioma:alemany
Publicat: Tubinga Scientia 1966
Edició:2a. ed
Matèries:
Etiquetes: Afegir etiqueta
Sense etiquetes, Sigues el primer a etiquetar aquest registre!

MARC

LEADER 00000nam a2200000 a 4500
001 UCS9815
003 CL-VaPUC
008 971121e19660000GW |||||||||||||||||ger|d
082 0 4 |a 340.1  |b EHR  |2 21 
100 0 |a Ehrlich, Eugen  |e author  |9 395127 
245 1 4 |a Die juristische Logik 
250 |a 2a. ed 
300 |a 337 p 
942 |c BK 
945 |d 19971121 00:00:00  |a cmena 
260 |a Tubinga  |b Scientia  |c 1966 
650 0 |a Filosofía del derecho   |9 255050 
650 0 |a Lógica jurídica   |9 255966 
650 0 |a Normas jurídicas  |9 258310 
650 0 |a Teoría del derecho  |9 255982 
583 |a last modification  |c 19971121 00:00:00  |k Rodrigo Vera 
999 |c 263572  |d 263570 
952 |0 0  |1 0  |4 0  |6 340_100000000000000_EHR_1966  |7 0  |8 DER_TF  |9 292910  |a BIBDER  |b BIBDER  |d 2019-11-19  |i 190700K  |o 340.1 EHR 1966  |p 190700K  |r 2019-11-19  |w 2019-11-19  |x Ubicación 4to Piso  |y BK  |z Estos recursos deben solicitarse con anticipación  |k DER